00815 2200301 4500001002100000005001500021035002000036007000300056040001700059100003800076245004200114250001000156300003400166504002500200041000800225082001000233084001600243090002600259264004500285336002100330337003000351338002300381650002000404850001000424008004100434990001900475990001900494INLIS00000000000947620260420095454 a0010-1222000081ta aSBPUPADbind0 aSuwarman Partosuwiryo:ePengarang1 aRawai Dasar /cSuwarman Partosuwiryo; aCet.1 aiii 60 hlm. :bilus. ;c15 cm abibiliografi, hlm 600 aind a639.2 a639.2 SUW r a639.2 SUW r L 19 R 10 aYogyakarta :bIntan Sejati Klaten,c2008 2rdacontentateks 2rdamediaatanpa perantara 2rdacarrieravolume 4aTeknik Terampil aPUPAD260420 0  a628/S/KAPD/PDG a627/S/KAPD/PDG